00543nam a22001697a 450000500170000001000130001702000260003003500120005603700160006808200100008410000280009424500720012224600460019426000530024027000590029330000210035220221216105108.0 aUR-11796 a9789392496080c250.00 aU-10351 bDBAD/PUBa- a840.8 aحافظ کرناٹکی aمضامین نو بہ نو /cحافظ کرناٹکیhا ر د و aMazameen Nau Ba Nau /bby Hafiz Karnataki aNew DelhibEducational Publishing Housec2021 ء aH.o. D1/16, Ansari Road, Darya GanjbNew Delhie110002 a184 صc23cm(Hb)